| 000 | 00346nam a22001337a 4500 | ||
|---|---|---|---|
| 999 |
_c3509 _d3509 |
||
| 003 | URS | ||
| 005 | 20220114142531.0 | ||
| 008 | 190227s a|||| |||| 00| 0 eng d | ||
| 040 |
_beng _cURS _drda |
||
| 050 | 1 | 4 |
_aLC 4707 _b.H2361 |
| 245 | 0 | 2 | _aA handbook on mainstreaming disability |
| 300 |
_a112 pages _bwith illustrations _c29 cm |
||
| 942 |
_2lcc _cREF |
||